| 000 | 00692nam a22002417a 4500 | ||
|---|---|---|---|
| 999 |
_c8055 _d8055 |
||
| 003 | AR-CdUCM | ||
| 008 | 190322b ||||| |||| 00| 0 spa d | ||
| 020 | _a978-987-02-7589-3 | ||
| 040 |
_aMUNICIPALIDAD PROVINCIAL DEL CUSCO _cBIBLIOTECA MUNICIPAL DEL CUSCO |
||
| 082 |
_22ed. _a801 / _bS23 |
||
| 100 |
_aSarmiento, Ricardo Anibal _9254 |
||
| 245 |
_aLlahué Huarpe : _bMemorias / |
||
| 260 |
_aBuenos Aires : _bDunken, _c2014. |
||
| 300 |
_a110 paginas ; _c23cm. |
||
| 500 | _aMemorias | ||
| 650 |
_aMemorias _9811 |
||
| 650 |
_aCuentos _9217 |
||
| 650 |
_aHistorias _92725 |
||
| 650 |
_aLiteratura _9416 |
||
| 700 |
_aContardi, Titina _922761 |
||
| 942 |
_2ddc _cLIBROS |
||
| 945 | _apjha | ||